| 000 | 01064cam a2200289 a 4500 | ||
|---|---|---|---|
| 005 | 20191224041803.0 | ||
| 008 | 970102s1997 enkab grb 001 0 eng | ||
| 020 | _a0415116082 (cloth) | ||
| 020 | _a0415116090 (pbk.) | ||
| 040 |
_aDLC _cDLC _dCO-BoIAVH |
||
| 041 | _aeng | ||
| 043 | _aw------ | ||
| 082 | 0 | 4 |
_a577.0913 _bK29t |
| 100 | 1 |
_aKellman, Martin C. _956819 |
|
| 245 | 1 | 0 |
_aTropical environments : _bthe functioning and management of tropical ecosystems / _cMartin Kellman and Rosanne Tackaberry. |
| 260 |
_aLondon ; _aNew York : _bRoutledge, _c1997. |
||
| 300 |
_axix, 380 p. : _bill., maps ; _c24 cm. |
||
| 504 | _aIncludes bibliographical references (p. 339-371) and index. | ||
| 650 | 0 |
_aEcologia _zTropics. _956820 |
|
| 650 | 0 |
_aEcosystem management _zTropics. _956821 |
|
| 650 | 0 |
_agestión de los ecosistemas _948794 |
|
| 651 | 0 |
_aTropics. _956822 |
|
| 651 | 0 |
_aTropicos _943 |
|
| 700 | 1 |
_aTackaberry, Rosanne, _d1960- _956824 |
|
| 856 | 4 | 2 |
_3Publisher description _uhttp://www.loc.gov/catdir/enhancements/fy0649/97000387-d.html |
| 942 |
_2ddc _cLIBRO |
||
| 999 |
_c5369 _d5369 |
||